书目信息 |
| 题名: |
基于Excel与因素趋势图的试验设计题解集锦
|
|
| 作者: | 俞钟行, 编著 | |
| 分册: | ||
| 出版信息: | 上海 上海科学技术出版社 2019.01 |
|
| 页数: | 244页 | |
| 开本: | 26cm | |
| 丛书名: | ||
| 单 册: | ||
| 中图分类: | O212.1-39 | |
| 科图分类: | ||
| 主题词: | 表处理软件--biao chu li ruan jian--应用--统计数据--统计分析--试验设计 | |
| 电子资源: | ||
| ISBN: | 978-7-5478-4226-3 | |
| 000 | 01015nam0 2200241 450 | |
| 001 | 202019132930 | |
| 005 | 20190921113344.0 | |
| 010 | @a978-7-5478-4226-3@dCNY68.00 | |
| 100 | @a20190916d2019 em y0chiy50 ea | |
| 101 | 0 | @achi |
| 102 | @aCN@b310000 | |
| 105 | @aak z 000yy | |
| 106 | @ar | |
| 200 | 1 | @a基于Excel与因素趋势图的试验设计题解集锦@Aji yu Excel yu yin su qu shi tu de shi yan she ji ti jie ji jin@f俞钟行编著 |
| 210 | @a上海@c上海科学技术出版社@d2019.01 | |
| 215 | @a244页@c图@d26cm | |
| 314 | @a俞钟行, 高级工程师, 中国标准化协会资深会员。 | |
| 330 | @a本书以案例集锦的方式, 对试验设计在我国工业、科研等领域广泛应用的单因素设计、双因素设计、正交设计 (多因素、多指标)、回归设计、均匀设计、谢宁/博特方法、响应曲面法、田口方法、析因设计与混料设计进行了介绍。 | |
| 606 | 0 | @a表处理软件@Abiao chu li ruan jian@x应用@x统计数据@x统计分析@x试验设计 |
| 690 | @aO212.1-39@v5 | |
| 701 | 0 | @a俞钟行,@Ayu zhong xing@f1949-@4编著 |
| 801 | 0 | @aCN@c20190905 |
| 905 | @a河南城建学院图书馆@dO212.1-39@eY811 | |
| 基于Excel与因素趋势图的试验设计题解集锦/俞钟行编著.-上海:上海科学技术出版社,2019.01 |
| 244页:图;26cm |
| ISBN 978-7-5478-4226-3:CNY68.00 |
| 本书以案例集锦的方式, 对试验设计在我国工业、科研等领域广泛应用的单因素设计、双因素设计、正交设计 (多因素、多指标)、回归设计、均匀设计、谢宁/博特方法、响应曲面法、田口方法、析因设计与混料设计进行了介绍。 |
| ● |
| 相关链接 |
|
|
|
正题名:基于Excel与因素趋势图的试验设计题解集锦
索取号:O212.1-39/Y811
 
预约/预借
| 序号 | 登录号 | 条形码 | 馆藏地/架位号 | 状态 | 备注 |
| 1 | 1439875 | 214398757 | 自科库401/401自科库 77排2列3层/ [索取号:O212.1-39/Y811] | 在馆 | |
| 2 | 1439876 | 214398766 | 自科库401/401自科库 77排2列3层/ [索取号:O212.1-39/Y811] | 在馆 |